[Event "Hastings Masters"]
[Site "?"]
[Date "2009.12.30"]
[Round "3.27"]
[White "Muheim, Sebastien"]
[Black "Furman, Boris"]
[Result "1/2-1/2"]
[WhiteElo "2040"]
[BlackElo "2223"]
[PlyCount "65"]
[EventDate "2009.??.??"]
[SourceDate "2009.12.30"]

1. d4 Nf6 2. c4 e6 3. Nc3 Bb4 4. a3 Bxc3+ 5. bxc3 c5 6. e3 O-O 7. Bd3 Nc6 8.
Ne2 b6 9. Ng3 e5 10. d5 Na5 11. O-O Ba6 12. Qe2 e4 13. Nxe4 Nxe4 14. Bxe4 Bxc4
15. Bd3 Qh4 16. e4 Rae8 17. f4 Bxd5 18. Qc2 Bb3 19. Qd2 c4 20. Bb1 Ba4 21. Ra2
Nb3 22. Qe3 Bc6 23. Re2 Bxe4 24. Bxe4 d5 25. Bxh7+ Kxh7 26. Qxe8 Rxe8 27. Rxe8
Qf6 28. Rf3 Nxc1 29. f5 Kh6 30. Rh3+ Kg5 31. Rg3+ Kf4 32. Rf3+ Kg5 33. Rg3+
1/2-1/2

[Event "Hastings Masters"]
[Site "?"]
[Date "2009.12.30"]
[Round "3.28"]
[White "Sugden, John N"]
[Black "Norinceviciute, Rasa"]
[Result "1/2-1/2"]
[WhiteElo "2219"]
[BlackElo "2027"]
[PlyCount "60"]
[EventDate "2009.??.??"]
[SourceDate "2009.12.30"]

1. d4 Nf6 2. c4 e6 3. Nc3 Bb4 4. a3 Bxc3+ 5. bxc3 c5 6. f3 Qc7 7. e4 d6 8. d5
Nbd7 9. dxe6 fxe6 10. Nh3 Ne5 11. Be2 O-O 12. O-O b6 13. f4 Nc6 14. Bd3 Bb7 15.
Qe2 Rae8 16. Nf2 Kh8 17. Bd2 e5 18. f5 Na5 19. Be3 Ba6 20. g4 Qf7 21. g5 Ng8
22. Qg4 Ne7 23. Rad1 Bxc4 24. Nh3 g6 25. f6 Nec6 26. Nf2 Be6 27. Qg3 Nc4 28.
Bc1 Qc7 29. Bc2 b5 30. Rfe1 Nd8 1/2-1/2

[Event "Hastings Masters"]
[Site "?"]
[Date "2009.12.30"]
[Round "3.29"]
[White "Brechin, Hugh R"]
[Black "Snape, Ian L"]
[Result "1-0"]
[WhiteElo "2025"]
[BlackElo "2176"]
[PlyCount "79"]
[EventDate "2009.??.??"]
[SourceDate "2009.12.30"]

1. d4 Nf6 2. Bf4 g6 3. e3 Bg7 4. Nf3 d6 5. Be2 Nh5 6. Bg5 h6 7. Bh4 g5 8. Nfd2
Nf4 9. exf4 gxh4 10. c3 c5 11. d5 O-O 12. a4 e6 13. Nc4 exd5 14. Qxd5 Be6 15.
Qxd6 Qf6 16. Ne3 Rd8 17. Qxc5 Qxf4 18. Qh5 Nd7 19. O-O Ne5 20. Na3 Rd2 21. Nb5
h3 22. Nd4 Qe4 23. Rfd1 Rxb2 24. Nxe6 Rxe2 25. Qxe2 hxg2 26. Nd4 Rd8 27. Nef5
Qf4 28. Qe3 Qg4 29. Qg3 Rxd4 30. Nxd4 Qh5 31. Re1 Ng6 32. Re4 Kh7 33. Rae1 f5
34. Re7 f4 35. Rxg7+ Kxg7 36. Qxg2 f3 37. Qxf3 Qg5+ 38. Qg3 Qd5 39. Ne6+ Kf6
40. Qxg6+ 1-0

[Event "Hastings Masters"]
[Site "?"]
[Date "2009.12.30"]
[Round "3.30"]
[White "Almond, Richard J"]
[Black "Safarian, Alek"]
[Result "1-0"]
[WhiteElo "2174"]
[BlackElo "2018"]
[PlyCount "79"]
[EventDate "2009.??.??"]
[SourceDate "2009.12.30"]

1. d4 d5 2. c4 e6 3. Nc3 c6 4. e3 Nf6 5. Nf3 Nbd7 6. Qc2 Be7 7. b3 O-O 8. Bd3
h6 9. O-O dxc4 10. bxc4 c5 11. Bb2 cxd4 12. exd4 Nb6 13. Rad1 Bd7 14. Ne5 Rc8
15. Qb3 Be8 16. Rfe1 Kh8 17. Bf1 Qc7 18. a4 Nbd7 19. Nb5 Qb8 20. Ba3 Bxa3 21.
Qxa3 Kg8 22. Bd3 a6 23. Nd6 Rc7 24. Rb1 Nxe5 25. dxe5 Nd7 26. Bc2 Nc5 27. a5
Qd8 28. Rb6 Qg5 29. Qe3 Qh4 30. Reb1 Qg4 31. Bd1 Qg6 32. Bf3 Bb5 33. Rc1 Nd7
34. Be4 f5 35. Bd3 Bc6 36. Qg3 Qh5 37. f3 g6 38. Rcb1 Kg7 39. Nxb7 f4 40. Qe1
1-0

[Event "Hastings Masters"]
[Site "?"]
[Date "2009.12.30"]
[Round "3.31"]
[White "Webb, Matthew"]
[Black "Jaunooby, Ali R"]
[Result "1-0"]
[WhiteElo "1987"]
[BlackElo "2171"]
[PlyCount "51"]
[EventDate "2009.??.??"]
[SourceDate "2009.12.30"]

1. e4 g6 2. d4 Bg7 3. Nc3 d6 4. Be3 a6 5. Qd2 b5 6. h4 h6 7. Bd3 Nd7 8. f4 c5
9. Nf3 Ngf6 10. e5 Ng4 11. e6 fxe6 12. Bxg6+ Kf8 13. dxc5 Nxe3 14. Qxe3 Nxc5
15. O-O-O Qa5 16. Ne5 Bb7 17. Nd7+ Kg8 18. Nxc5 Bc8 19. Nxe6 Bf6 20. Rh3 b4 21.
Rg3 bxc3 22. Bh5+ Bg5 23. fxg5 Rh7 24. gxh6+ Kh8 25. Qd4+ Qe5 26. Qxe5+ 1-0

[Event "Hastings Masters"]
[Site "?"]
[Date "2009.12.30"]
[Round "3.32"]
[White "Cumming, Rhys"]
[Black "Salimbeni, George P W"]
[Result "0-1"]
[WhiteElo "1969"]
[BlackElo "2162"]
[PlyCount "92"]
[EventDate "2009.??.??"]
[SourceDate "2009.12.30"]

1. d4 g6 2. e4 Bg7 3. Nf3 d6 4. Nc3 Nd7 5. Bd3 a6 6. Be3 e6 7. Qd2 h6 8. Ne2 b6
9. Ng3 Bb7 10. Qe2 Ne7 11. Nd2 e5 12. d5 Nc5 13. O-O Qd7 14. Bxc5 dxc5 15. a4
O-O 16. f3 c6 17. dxc6 Nxc6 18. Rfd1 Rfd8 19. Nc4 Qc7 20. c3 Bf8 21. Ne3 Na5
22. Bc4 Nxc4 23. Qxc4 Qc6 24. Qb3 b5 25. c4 Rxd1+ 26. Rxd1 bxa4 27. Qc2 Rb8 28.
Ne2 Bc8 29. Nc3 Rb4 30. Ncd5 Rb3 31. Ra1 Qb7 32. Nd1 Bd7 33. Ra2 Kg7 34. Kf1
Bc6 35. N1c3 Rb4 36. Nd1 Rxc4 37. N5c3 Bb5 38. Ke1 Qd7 39. Ne3 Rb4 40. Ned5 Rb3
41. Nb6 Qd4 42. Nbxa4 Qg1+ 43. Kd2 Rb4 44. Ne2 Bxe2 45. Kxe2 Qxg2+ 46. Kd1 Rd4+
0-1

[Event "Hastings Masters"]
[Site "?"]
[Date "2009.12.30"]
[Round "3.33"]
[White "Rayner, Francis"]
[Black "Pickersgill, Adrian O"]
[Result "1/2-1/2"]
[WhiteElo "2153"]
[BlackElo "2014"]
[PlyCount "68"]
[EventDate "2009.??.??"]
[SourceDate "2009.12.30"]

1. c4 e5 2. Nc3 d6 3. g3 f5 4. Bg2 Nf6 5. d3 c6 6. e4 Be7 7. Nge2 O-O 8. O-O
Na6 9. b3 Be6 10. Bb2 Qe8 11. d4 Qg6 12. d5 Bd7 13. exf5 Qxf5 14. dxc6 bxc6 15.
Ba3 Nc5 16. Bxc5 dxc5 17. Nc1 Rad8 18. Qe2 Be8 19. h3 Rd4 20. Qe3 g5 21. Re1
Bd6 22. N3e2 g4 23. h4 e4 24. Qg5+ Bg6 25. Nxd4 cxd4 26. Ne2 Be5 27. Rad1 d3
28. Nf4 Bc3 29. Rf1 Re8 30. Kh2 Re5 31. Nxg6 hxg6 32. Qxf5 gxf5 33. Rc1 Bd2 34.
Rcd1 Bc3 1/2-1/2

[Event "Hastings Masters"]
[Site "?"]
[Date "2009.12.30"]
[Round "3.35"]
[White "Griffiths, Ryan Rhys"]
[Black "Gibson, Christopher A"]
[Result "1/2-1/2"]
[WhiteElo "2148"]
[BlackElo "1964"]
[PlyCount "140"]
[EventDate "2009.??.??"]
[SourceDate "2009.12.30"]

1. c4 c5 2. g3 Nc6 3. Bg2 g6 4. Nc3 Bg7 5. Nf3 e5 6. O-O d6 7. Ne1 Nge7 8. Nc2
Be6 9. d3 O-O 10. Ne3 a6 11. Bd2 Rb8 12. a4 Nd4 13. a5 b5 14. axb6 Rxb6 15. Ra2
Nb3 16. Ncd5 Nxd5 17. cxd5 Nxd2 18. Qxd2 Bc8 19. Nc4 Rb5 20. Rfa1 Bf6 21. Ra4
Re8 22. R1a2 Bg5 23. Qe1 Qd7 24. b4 Bd8 25. Ra1 Bb7 26. Na3 Rxb4 27. Rxb4 cxb4
28. Qxb4 a5 29. Qb5 Qxb5 30. Nxb5 Be7 31. Rxa5 Ra8 32. Rxa8+ Bxa8 33. d4 f6 34.
dxe5 fxe5 35. e4 g5 36. Bf1 Bb7 37. Na3 Kf7 38. Bb5 Bc8 39. Kg2 g4 40. Bc6 Bg5
41. Bb5 Bd2 42. Nc4 Bb4 43. Nb6 Bb7 44. Bd7 h5 45. Bb5 Bc5 46. Nc4 Bc8 47. Nb2
Bd4 48. Nd3 Ke7 49. Kf1 Kd8 50. Nb4 Ke7 51. Ke2 Bc5 52. Nd3 Bd4 53. Ne1 Bc3 54.
Nc2 Ba5 55. Kf1 Bb6 56. Be2 Kf6 57. f4 Bd7 58. f5 Ba4 59. Ne1 Kg5 60. Bd3 h4
61. Bc2 Bb5+ 62. Bd3 Ba4 63. gxh4+ Kxh4 64. Kg2 Ba5 65. f6 Be8 66. Nc2 Kg5 67.
Bb5 Bg6 68. f7 Bxf7 69. Ne3 Bg6 70. Bd3 Bb4 1/2-1/2

[Event "Hastings Masters"]
[Site "?"]
[Date "2009.12.30"]
[Round "3.36"]
[White "Campbell, Eoin"]
[Black "Goodger, Martyn"]
[Result "0-1"]
[WhiteElo "1910"]
[BlackElo "2147"]
[PlyCount "64"]
[EventDate "2009.??.??"]
[SourceDate "2009.12.30"]

1. Nf3 e6 2. c4 f5 3. g3 Nf6 4. Bg2 d6 5. d4 Be7 6. O-O O-O 7. b4 Ne4 8. Bb2
Bf6 9. Nc3 d5 10. Nxe4 fxe4 11. Ne5 c6 12. c5 Na6 13. Qb3 Bxe5 14. dxe5 Bd7 15.
f3 exf3 16. Bxf3 Be8 17. e4 Nc7 18. exd5 Nxd5 19. Bxd5 Rxf1+ 20. Rxf1 cxd5 21.
b5 Qc7 22. Ba3 Bg6 23. Qb4 h6 24. c6 bxc6 25. Rf8+ Rxf8 26. Qxf8+ Kh7 27. bxc6
Qxc6 28. Bd6 Bf5 29. g4 Qc1+ 30. Kf2 Qd2+ 31. Kg3 Qe3+ 32. Kg2 Bxg4 0-1

[Event "Hastings Masters"]
[Site "?"]
[Date "2009.12.30"]
[Round "3.37"]
[White "McKenna, Jason P"]
[Black "Kirk, Ezra"]
[Result "1-0"]
[WhiteElo "2147"]
[BlackElo "1919"]
[PlyCount "95"]
[EventDate "2009.??.??"]
[SourceDate "2009.12.30"]

1. e4 c5 2. Nf3 Nc6 3. d4 cxd4 4. Nxd4 g6 5. c4 Bg7 6. Be3 Nf6 7. Nc3 d6 8. Be2
O-O 9. O-O Nxd4 10. Bxd4 Be6 11. Rc1 Rc8 12. b3 a6 13. f4 Qa5 14. Qd3 Bd7 15.
e5 Bf5 16. Qe3 dxe5 17. fxe5 Ng4 18. Bxg4 Bxg4 19. Nd5 Rce8 20. Bb6 Qxa2 21.
Rf2 Qa3 22. Bc5 Qa5 23. Bxe7 Rxe7 24. Nxe7+ Kh8 25. Nd5 Be6 26. Rd1 Rd8 27.
Rfd2 Re8 28. Nf6 Rc8 29. Rd6 Bf8 30. h4 Kg7 31. Kh1 Bxd6 32. Rxd6 Rc5 33. Nh5+
Kg8 34. Nf6+ Kg7 35. Nh5+ Kg8 36. Qg5 f6 37. Nxf6+ Kf7 38. Nxh7 Qe1+ 39. Kh2
Qxe5+ 40. Qxe5 Rxe5 41. Ng5+ Rxg5 42. hxg5 Bf5 43. Rf6+ Kg7 44. Rxf5 gxf5 45.
Kg3 Kf7 46. Kf4 Kg6 47. c5 a5 48. g3 1-0

[Event "Hastings Masters"]
[Site "?"]
[Date "2009.12.30"]
[Round "3.38"]
[White "Cafferty, Bernard"]
[Black "Sanders, Isaac B"]
[Result "1-0"]
[WhiteElo "2141"]
[BlackElo "1777"]
[PlyCount "75"]
[EventDate "2009.??.??"]
[SourceDate "2009.12.30"]

1. Nf3 Nf6 2. c4 b6 3. Nc3 Bb7 4. g3 c5 5. Bg2 g6 6. O-O Bg7 7. d3 O-O 8. e4 d6
9. h3 Nc6 10. Be3 Rc8 11. Qd2 e5 12. Bg5 Qd7 13. Rab1 Nd4 14. Nxd4 cxd4 15. Ne2
Ne8 16. Bh6 f5 17. Bxg7 Nxg7 18. b3 fxe4 19. dxe4 Ne6 20. f3 b5 21. h4 bxc4 22.
bxc4 Rxc4 23. Bh3 Bc8 24. h5 Kg7 25. f4 Qc7 26. fxe5 Rxf1+ 27. Rxf1 dxe5 28.
Bxe6 Bxe6 29. Qg5 Bf7 30. Qf6+ Kg8 31. h6 Kf8 32. Qh8+ Ke7 33. Qxh7 Ke6 34. Qg7
Qe7 35. h7 Rc8 36. h8=Q Rxh8 37. Qxh8 d3 38. Qc8+ 1-0

[Event "Hastings Masters"]
[Site "?"]
[Date "2009.12.30"]
[Round "3.39"]
[White "Lenier, Jude"]
[Black "Nilsen, Joachim Birger"]
[Result "0-1"]
[WhiteElo "1828"]
[BlackElo "2126"]
[PlyCount "94"]
[EventDate "2009.??.??"]
[SourceDate "2009.12.30"]

1. e4 c5 2. Nf3 d6 3. d4 cxd4 4. Nxd4 Nf6 5. Nc3 g6 6. Be3 Bg7 7. f3 O-O 8. Qd2
Nc6 9. O-O-O d5 10. exd5 Nxd5 11. Nxc6 bxc6 12. Bd4 e5 13. Bc5 Be6 14. Ne4 Re8
15. h4 h6 16. g4 Qc7 17. g5 h5 18. Bc4 Rad8 19. Qf2 Qa5 20. Bb3 Rb8 21. a4 Rxb3
22. cxb3 Nf4 23. Qc2 Qa6 24. Rd2 Rb8 25. b4 Nd5 26. Rhd1 Nxb4 27. Rd8+ Kh7 28.
Bxb4 Rxb4 29. Nc5 Qc4 30. Nxe6 Qxe6 31. Kb1 e4 32. R8d6 Qe5 33. R6d2 e3 34. Re2
Rxh4 35. Qb3 Qf5+ 36. Qd3 Qxg5 37. Qxe3 Qf5+ 38. Qd3 Qf6 39. Qb3 c5 40. Rd7 Rb4
41. Qc2 Rxb2+ 42. Qxb2 Qf5+ 43. Qc2 Qxd7 44. Rh2 Qb7+ 45. Ka2 Qd5+ 46. Kb1 c4
47. f4 Qd4 0-1

[Event "Hastings Masters"]
[Site "?"]
[Date "2009.12.30"]
[Round "3.40"]
[White "Hoare, Amy"]
[Black "Hansen, Victor"]
[Result "0-1"]
[WhiteElo "1797"]
[BlackElo "2113"]
[PlyCount "98"]
[EventDate "2009.??.??"]
[SourceDate "2009.12.30"]

1. e4 c6 2. c4 d5 3. cxd5 cxd5 4. exd5 Nf6 5. Nc3 Nxd5 6. Nf3 e6 7. d4 Be7 8.
Bc4 O-O 9. O-O Nc6 10. Re1 b6 11. a3 Bb7 12. Be3 Na5 13. Bd3 Rc8 14. Nxd5 Bxd5
15. b4 Nc4 16. Qe2 Bf6 17. Rec1 b5 18. a4 a6 19. axb5 axb5 20. Nd2 Nxd2 21.
Qxd2 Bc4 22. Be4 Qd6 23. Ra3 Rfd8 24. Bb7 Rb8 25. Bf3 Bxd4 26. Rd1 e5 27. h3 f6
28. Be4 Qb6 29. Qc2 Bxe3 30. Rxd8+ Rxd8 31. Bxh7+ Kf8 32. Rxe3 Qd6 33. Qb2 Qd1+
34. Kh2 Rd2 35. Qa3 Ra2 36. Qc3 Qd4 37. Be4 Qxc3 38. Rxc3 Rxf2 39. Rc2 Rf4 40.
Bc6 Ke7 41. Kg3 Kd6 42. Bb7 Rd4 43. Kf2 e4 44. Ke3 Ke5 45. Rc3 f5 46. g3 g5 47.
Kf2 Rd2+ 48. Ke3 Rg2 49. g4 f4# 0-1

[Event "Hastings Masters"]
[Site "?"]
[Date "2009.12.30"]
[Round "3.41"]
[White "Barton, R Alan"]
[Black "Martin, Andrew D"]
[Result "0-1"]
[WhiteElo "2119"]
[BlackElo "2423"]
[PlyCount "80"]
[EventDate "2009.??.??"]
[SourceDate "2009.12.30"]

1. d4 Nf6 2. Nf3 g6 3. Bg5 Bg7 4. Nbd2 O-O 5. c3 d6 6. e4 Nc6 7. h3 a6 8. a4 h6
9. Be3 Nd7 10. Qc2 e5 11. dxe5 Ndxe5 12. Nxe5 Nxe5 13. Nc4 Be6 14. Nxe5 dxe5
15. Be2 f5 16. Bf3 f4 17. Bc5 Rf7 18. b3 h5 19. Rd1 Qe8 20. c4 Bf6 21. Bb4 Rd7
22. Ke2 Rxd1 23. Rxd1 Qf7 24. Rd3 g5 25. Ke1 g4 26. hxg4 hxg4 27. Be2 Qh7 28.
Rd1 Kf7 29. f3 Qh1+ 30. Bf1 gxf3 31. gxf3 Qxf3 32. Bc5 Bh4+ 33. Kd2 Bg4 34. Bd3
Qxd1+ 35. Qxd1 Bxd1 36. Kxd1 Rg8 37. Bf1 b6 38. Bb4 Rg1 39. Ke2 f3+ 40. Kxf3
Rxf1+ 0-1

[Event "Hastings Masters"]
[Site "?"]
[Date "2009.12.30"]
[Round "3.42"]
[White "Obiamiwe, Paul"]
[Black "Strunski, Andreas"]
[Result "0-1"]
[WhiteElo "2046"]
[BlackElo "2386"]
[PlyCount "130"]
[EventDate "2009.??.??"]
[SourceDate "2009.12.30"]

1. Nf3 Nf6 2. c4 g6 3. Nc3 Bg7 4. e4 d6 5. d4 O-O 6. Be2 e5 7. O-O Nc6 8. d5
Ne7 9. b4 Ne8 10. Ne1 f5 11. f3 f4 12. Nd3 h5 13. Bd2 g5 14. Rc1 Kh8 15. a4 Ng8
16. c5 Nh6 17. Be1 g4 18. Bf2 Qg5 19. Kh1 g3 20. Bg1 Rg8 21. cxd6 cxd6 22. Ne1
Bf8 23. Nb5 a6 24. Na3 Be7 25. Bd3 Bd7 26. a5 h4 27. Qe2 h3 28. Rc2 Rc8 29. Nc4
Qh5 30. Bb6 hxg2+ 31. Qxg2 Bh3 32. Qg1 Bxf1 33. Bxf1 Nf6 34. Qg2 Rg7 35. Qh3
Rcg8 36. Qxh5 Nxh5 37. h3 Nf7 38. Bg2 Nf6 39. Kg1 Kh7 40. Na3 Ng5 41. b5 Nxh3+
42. Kf1 Ng5 43. bxa6 bxa6 44. Kg1 Rf7 45. Rc6 Nfxe4 46. Nc4 Nf6 47. Nxd6 Bxd6
48. Rxd6 Kg7 49. Nd3 Rd7 50. Rxd7+ Nxd7 51. Bc7 Rc8 52. d6 Kf6 53. Nb4 Rh8 54.
Nd5+ Ke6 55. Nc3 Nf6 56. Na4 Kd5 57. Nb6+ Kc6 58. Nc4 Nd7 59. Nd2 Ne6 60. Bf1
Nxc7 61. dxc7 Kxc7 62. Bxa6 Ra8 63. Bf1 Rxa5 64. Ne4 Nc5 65. Nd2 Ra1 0-1

[Event "Hastings Masters"]
[Site "?"]
[Date "2009.12.30"]
[Round "3.43"]
[White "Yurenok, Maria"]
[Black "Addison, Bret C"]
[Result "0-1"]
[WhiteElo "1968"]
[BlackElo "2258"]
[PlyCount "102"]
[EventDate "2009.??.??"]
[SourceDate "2009.12.30"]

1. d4 d5 2. c4 e6 3. cxd5 exd5 4. Nc3 c6 5. Qc2 g6 6. e4 dxe4 7. Qxe4+ Qe7 8.
Bg5 Qxe4+ 9. Nxe4 Bb4+ 10. Bd2 Be7 11. Bf4 Nf6 12. Nd6+ Bxd6 13. Bxd6 Be6 14.
Bd3 Nbd7 15. Ne2 Nd5 16. O-O O-O-O 17. Rfc1 N7b6 18. Ba3 Kb8 19. b4 a6 20. Rc2
Rhe8 21. Rb1 Rd7 22. Bc1 Rde7 23. Bd2 Ka7 24. a3 Bf5 25. Bxf5 gxf5 26. Ng3 f4
27. Nf5 Re2 28. Rd1 Nc4 29. Rxc4 Rxd2 30. Rcc1 Ree2 31. Rxd2 Rxd2 32. Ra1 Nc3
33. Kf1 Nb5 34. Ke1 Rd3 35. a4 Nxd4 36. Nxd4 Rxd4 37. b5 c5 38. bxa6 Kxa6 39.
a5 c4 40. Ke2 Rd5 41. Rc1 Rc5 42. Kf3 Kxa5 43. Kxf4 b5 44. Ke4 b4 45. Kd4 Kb5
46. f4 Rc8 47. g4 Rd8+ 48. Ke5 b3 49. Kf6 b2 50. Rb1 c3 51. Kxf7 Kc4 0-1

[Event "Hastings Masters"]
[Site "?"]
[Date "2009.12.30"]
[Round "3.44"]
[White "Mason, Donald J"]
[Black "Kirk, Jason"]
[Result "1/2-1/2"]
[WhiteElo "2255"]
[BlackElo "1994"]
[PlyCount "58"]
[EventDate "2009.??.??"]
[SourceDate "2009.12.30"]

1. e4 c5 2. Nc3 Nc6 3. g3 g6 4. Bg2 Bg7 5. d3 e6 6. Be3 Nd4 7. Nce2 Ne7 8. c3
Nxe2 9. Nxe2 d6 10. O-O O-O 11. d4 cxd4 12. Nxd4 Bd7 13. Qd2 Qc7 14. Rfd1 Rfd8
15. a4 a6 16. a5 Bc6 17. c4 Rac8 18. Nxc6 Qxc6 19. e5 d5 20. Bb6 Re8 21. cxd5
Nxd5 22. Rac1 Qb5 23. Rxc8 Rxc8 24. Bxd5 exd5 25. Qxd5 Qe2 26. Be3 Bxe5 27. b4
Bf6 28. Bh6 Qe7 29. Qd7 Rd8 1/2-1/2

[Event "Hastings Masters"]
[Site "?"]
[Date "2009.12.30"]
[Round "3.45"]
[White "Moore, Gillian A"]
[Black "Anderson, John"]
[Result "0-1"]
[WhiteElo "1902"]
[BlackElo "2209"]
[PlyCount "124"]
[EventDate "2009.??.??"]
[SourceDate "2009.12.30"]

1. d4 Nf6 2. c4 c6 3. Nc3 d5 4. cxd5 cxd5 5. Nf3 Nc6 6. g3 Ne4 7. Bg2 e6 8. O-O
Be7 9. e3 Nd6 10. Re1 O-O 11. b3 f5 12. Bb2 Bd7 13. Qe2 Rc8 14. Rac1 Qa5 15. a3
Qd8 16. Ne5 Nxe5 17. dxe5 Nf7 18. f4 Qb6 19. b4 a6 20. h3 Bc6 21. Qd2 a5 22.
Na2 axb4 23. Nxb4 Bc5 24. Bd4 Bxd4 25. Qxd4 Qxd4 26. exd4 Nd8 27. Rc3 Ra8 28.
Rec1 Rf7 29. Kf2 Kf8 30. Ke3 Ra5 31. Bf1 Rc7 32. Be2 Rc8 33. Bd1 Rca8 34. Nxc6
bxc6 35. a4 Rb8 36. Rb3 Rxb3+ 37. Bxb3 Ke7 38. Kd3 Kd7 39. Bd1 Ra7 40. Kc3 Nb7
41. Kb4 Ra6 42. Ka3 Rb6 43. Be2 Na5 44. Rc3 Kc7 45. Bd3 Kb7 46. h4 h5 47. Ka2
Rb4 48. Ka3 Rxd4 49. Be2 g6 50. Rc2 Re4 51. Bd3 Re3 52. Rc3 d4 53. Rc5 Kb6 54.
Kb4 Rxd3 55. Rxa5 Rb3+ 56. Kxb3 Kxa5 57. Kc4 Kxa4 58. Kxd4 Kb4 59. Kd3 c5 60.
Kd2 c4 61. Kc2 c3 62. g4 hxg4 0-1

[Event "Hastings Masters"]
[Site "?"]
[Date "2009.12.30"]
[Round "3.46"]
[White "Lock, Gavin R"]
[Black "Tari, Aryan"]
[Result "1/2-1/2"]
[WhiteElo "2170"]
[BlackElo "1932"]
[PlyCount "58"]
[EventDate "2009.??.??"]
[SourceDate "2009.12.30"]

1. Nf3 Nf6 2. c4 g6 3. Nc3 d5 4. cxd5 Nxd5 5. e4 Nxc3 6. dxc3 Qxd1+ 7. Kxd1 Bg7
8. Bf4 c6 9. Kc2 O-O 10. a4 Nd7 11. Bc4 Nc5 12. Nd2 Be6 13. Bxe6 Nxe6 14. Be3
f5 15. exf5 gxf5 16. f4 Nc7 17. Rhe1 Nd5 18. g3 Nxe3+ 19. Rxe3 Rfe8 20. Nc4
Rad8 21. Rd1 Rxd1 22. Kxd1 Rd8+ 23. Kc2 Kf7 24. Na5 Rd7 25. Rd3 Rc7 26. Rd8 e5
27. fxe5 Bxe5 28. Nc4 Re7 29. Nxe5+ Rxe5 1/2-1/2

[Event "Hastings Masters"]
[Site "?"]
[Date "2009.12.30"]
[Round "3.47"]
[White "Nomat, Emil-Lion"]
[Black "Gregory, Stephen J"]
[Result "0-1"]
[WhiteElo "1809"]
[BlackElo "2126"]
[PlyCount "128"]
[EventDate "2009.??.??"]
[SourceDate "2009.12.30"]

1. e4 d6 2. Nf3 Nf6 3. d3 g6 4. b3 Bg7 5. Bb2 c5 6. g3 Nc6 7. Bg2 O-O 8. Nbd2
e5 9. Nf1 Rb8 10. a4 a6 11. Ne3 b5 12. O-O h6 13. h3 Be6 14. Nh2 c4 15. axb5
axb5 16. dxc4 bxc4 17. Ra6 Qc8 18. Qa1 Qb7 19. Nd5 Bxd5 20. exd5 Nb4 21. Rxd6
Nxc2 22. Qa6 Ne8 23. Rc6 Qxb3 24. Bc1 Nb4 25. Qxc4 Nxc6 26. Qxc6 Rb6 27. Qc5
Nd6 28. Be3 Ra6 29. Qc1 Rc8 30. Qb1 Ra3 31. Qxb3 Rxb3 32. Nf3 Nf5 33. Bd2 Rc2
34. Rd1 Rd3 35. Kf1 e4 36. Ke2 Rxf3 37. Bxf3 Nd4+ 38. Ke3 Nxf3 39. Bb4 Rc4 40.
Rb1 f5 41. d6 Bd4+ 42. Ke2 Bf6 43. Ba5 Nd4+ 44. Kf1 Nc6 45. Bc7 Kf7 46. Rd1 Bd8
47. Rd5 Ke6 48. Rb5 Rc1+ 49. Kg2 Bxc7 50. dxc7 Kd7 51. Rb8 Kxc7 52. Rg8 Ne5 53.
Rg7+ Kd6 54. Ra7 Rc2 55. g4 fxg4 56. hxg4 Nxg4 57. Ra6+ Rc6 58. Ra5 Ke6 59. Kg3
h5 60. Ra2 g5 61. Re2 Kf5 62. f3 exf3 63. Kxf3 Rc3+ 64. Kg2 Rc2 0-1

[Event "Hastings Masters"]
[Site "?"]
[Date "2009.12.30"]
[Round "3.48"]
[White "Dean, Michael"]
[Black "Ledger, Dave J"]
[Result "0-1"]
[WhiteElo "1718"]
[BlackElo "2227"]
[PlyCount "76"]
[EventDate "2009.??.??"]
[SourceDate "2009.12.30"]

1. e4 e5 2. Bc4 Nf6 3. d3 Bc5 4. Nf3 d6 5. O-O Nc6 6. c3 a6 7. Bb3 Ba7 8. Be3
O-O 9. Nbd2 Be6 10. Bc2 Re8 11. Ng5 Bg4 12. Ngf3 d5 13. Bxa7 Rxa7 14. h3 Bh5
15. g4 Bg6 16. Nh4 dxe4 17. dxe4 Nxe4 18. Bxe4 Qxh4 19. Bxg6 hxg6 20. Qf3 Raa8
21. Kh2 Re7 22. Rae1 Rf8 23. Qg2 Qh6 24. g5 Qh5 25. Qg3 Rd8 26. Nb3 b6 27. Re4
Red7 28. f3 Ne7 29. Rh4 Nf5 30. Rxh5 Nxg3 31. Kxg3 gxh5 32. Re1 Re8 33. Kh4 Rd3
34. f4 e4 35. Nd4 c5 36. Nf5 e3 37. Ng3 g6 38. Nf1 Re4 0-1

[Event "Hastings Masters"]
[Site "?"]
[Date "2009.12.30"]
[Round "3.49"]
[White "Maduekwe, Chiedu"]
[Black "Macrae, James S"]
[Result "1-0"]
[WhiteElo "2182"]
[BlackElo "1753"]
[PlyCount "59"]
[EventDate "2009.??.??"]
[SourceDate "2009.12.30"]

1. d4 d5 2. c4 e6 3. Nf3 Nf6 4. g3 Be7 5. Bg2 O-O 6. O-O c6 7. Qc2 Ne4 8. Nc3
f5 9. Bf4 Nd7 10. Rad1 Ndf6 11. Ne5 Nxc3 12. bxc3 Nd7 13. cxd5 exd5 14. c4 Nxe5
15. Bxe5 Be6 16. Qb3 Qd7 17. cxd5 Bxd5 18. Bxd5+ cxd5 19. Rb1 b6 20. Rfc1 Rfc8
21. a4 Bd8 22. Qb5 Qe6 23. Kg2 Kf7 24. Qa6 Qd7 25. a5 Bc7 26. Bxc7 Rxc7 27.
axb6 Rxc1 28. Rxc1 Kf8 29. b7 Rb8 30. Rc8+ 1-0

[Event "Hastings Masters"]
[Site "?"]
[Date "2009.12.30"]
[Round "3.50"]
[White "O'Neil, Tom C"]
[Black "O'Toole, George E"]
[Result "0-1"]
[WhiteElo "1523"]
[BlackElo "2146"]
[PlyCount "76"]
[EventDate "2009.??.??"]
[SourceDate "2009.12.30"]

1. e4 e5 2. Nf3 Nc6 3. Bb5 a6 4. Ba4 Nf6 5. O-O Be7 6. Re1 b5 7. Bb3 O-O 8. c3
d5 9. exd5 Nxd5 10. Nxe5 Nxe5 11. Rxe5 c6 12. d4 Bd6 13. Re1 Qh4 14. g3 Qh3 15.
Be3 Bg4 16. Qd3 Rae8 17. Nd2 f5 18. f4 Kh8 19. Bxd5 cxd5 20. Qf1 Qh5 21. a4
bxa4 22. Rxa4 g5 23. Rxa6 gxf4 24. Bxf4 Be2 25. Rxe2 Rxe2 26. Nf3 Rfe8 27. Rxd6
Rxb2 28. Be5+ Kg8 29. Rxd5 Ra8 30. Rd7 Ra4 31. Rg7+ Kf8 32. Rg5 Qf7 33. Bg7+
Ke8 34. Bh6 Raa2 35. Ne5 Qd5 36. Nf3 Qe6 37. Bg7 Qe3+ 38. Kh1 Qxf3+ 0-1

[Event "Hastings Masters"]
[Site "?"]
[Date "2009.12.30"]
[Round "3.51"]
[White "Calvert, D Ian"]
[Black "Tarun, Malhotra"]
[Result "1-0"]
[WhiteElo "2070"]
[BlackElo "1735"]
[PlyCount "81"]
[EventDate "2009.??.??"]
[SourceDate "2009.12.30"]

1. b3 e5 2. Bb2 Nc6 3. e3 d5 4. Bb5 Bd6 5. f4 Qh4+ 6. g3 Qe7 7. Nf3 f6 8. Nc3
Be6 9. O-O Nh6 10. fxe5 fxe5 11. e4 dxe4 12. Bxc6+ bxc6 13. Nxe4 O-O 14. Qe2
Bh3 15. Rfe1 Bg4 16. Qc4+ Kh8 17. Nfg5 Nf7 18. Nxf7+ Rxf7 19. Nxd6 cxd6 20.
Qxg4 Qc7 21. Rf1 Re7 22. Rf2 h6 23. Raf1 Qb6 24. Kg2 Qb7 25. Qg6 Rg8 26. Qxd6
Kh7 27. Qc5 Rd8 28. d3 Rd5 29. Qc4 g6 30. Qe4 Rg7 31. Rf6 Qe7 32. Rxc6 Qd7 33.
Rcf6 Rc5 34. R1f2 Qc7 35. c4 Qa5 36. d4 Rcc7 37. dxe5 Qxa2 38. e6 Rce7 39. Rf7
Rgxf7 40. exf7 Rxe4 41. f8=Q 1-0

[Event "Hastings Masters"]
[Site "?"]
[Date "2009.12.30"]
[Round "3.52"]
[White "McDonnell, James J"]
[Black "Devoille, Hugo"]
[Result "1-0"]
[WhiteElo "2014"]
[BlackElo "1691"]
[PlyCount "95"]
[EventDate "2009.??.??"]
[SourceDate "2009.12.30"]

1. e4 c5 2. Ne2 e6 3. d4 cxd4 4. Nxd4 Nc6 5. Be3 a6 6. a3 Qc7 7. Nc3 Nf6 8. Be2
Be7 9. O-O O-O 10. Kh1 b5 11. Nxc6 dxc6 12. f3 Bb7 13. Qe1 Rac8 14. Qf2 c5 15.
a4 b4 16. Nb1 Bd6 17. Nd2 Bf4 18. Bxf4 Qxf4 19. Nc4 Rfd8 20. Bd3 Nd7 21. Qe2
Ra8 22. Rad1 h6 23. b3 a5 24. Ne3 Nb8 25. Bb5 Qc7 26. Rxd8+ Qxd8 27. Rd1 Qc7
28. Qd3 Nc6 29. Qd7 Rc8 30. Bxc6 Qxc6 31. Nc4 Ba6 32. Qxc6 Rxc6 33. Nxa5 Rc7
34. Rd8+ Kh7 35. Rd6 Be2 36. Kg1 c4 37. Rd2 cxb3 38. cxb3 Ra7 39. Nc6 Rc7 40.
Nxb4 Rc1+ 41. Kf2 Bd1 42. a5 Ra1 43. a6 Bxb3 44. Rd7 Bc4 45. a7 Bb5 46. Rxf7
Kg6 47. Rb7 Ra5 48. Rxb5 1-0